000 01415nam0a2200385 4500
001 RU\NLR\bibl\262721
005 20260406054428.0
010 _a5-89353-066-7
_9500
021 _aRU
_b2002-2413
_9117
035 _a(NLR Aleph) 000258354
090 _a1508732
_c1508732
100 _a20020426d2001 |||y0rusy50 ca
101 0 _arus
102 _aRU
105 _ay |||||||||
200 1 _aТворческая биография Ю. О. Мартова
_fА. Д. Лаврищев
210 _aМ.
_cКогито-центр
_d2001
215 _a19,[1] с.
_d21
320 _aБиблиогр. в прим. в конце кн.
600 1 _aМартов
_bЮ.О.
_f1873 - 1923
_gЮлий Осипович
_92090155
_3RU\NLR\auth\661265159
610 0 _aМеньшевизм
610 0 _aОбщественная мысль в России - История, 19-20 вв.
675 _a94(47+57)"18/19"(092)
_v3
_zrus
675 _a929Мартов
_v3
_zrus
686 _a03.19
_2rugasnti
686 _a63.3(2)5-8
_2rubbk
686 _aФ69(2)422.1
700 1 _aЛаврищев
_bА. Д.
_gАртем Дмитриевич
_4070
702 1 _4570
_8rus
_7ca
_aМартов
_bЛ.
_cполит. деятель
_gЛев
_f1873-1923
_3RU\NLR\auth\778975
_9118848
801 0 _aRU
_bRKP
_c20020426
_gPSBO
801 1 _aRU
_bRKP
_c20020426
801 2 _aRU
_bNLR
_c20020814
_grcr
942 _cBOOK
980 _aNB